| 000 | 00980nam a2200157 a 4500 | ||
|---|---|---|---|
| 001 | 000045266 | ||
| 005 | 20201002050022.0 | ||
| 008 | 150219s1982 dr a 000 j spa d | ||
| 040 |
_aDO-SdBNP _bspa _cBNPHU |
||
| 082 |
_axxxx _bxxxx |
||
| 245 | 0 | 0 | _aConcurso de cuentos de casa de teatro 1981. |
| 260 |
_aSanto Domingo : _bCasa de Teatro, _c1982. |
||
| 300 |
_a136 p. ; _c21 cm. |
||
| 500 | _aPerteneció a la biblioteca personal del Dr. Guaroa Ginebra H. | ||
| 505 | 0 |
_gPrimer premio _tReflexiones / _rWilliam Dario Mejía C. -- _gSegundo premio _tRelámpago entre las sombras / _rDiógenes Valdez -- _gTercer premio _tUn poco de pasado para vivir hoy / _rArturo Rodríguez F. -- _tMenciones _tCafé para si hubieran matado un ángel / _rManuel F. García como Ricardo Roja -- _tIn Fraganti / _rJuan Ml. Brida Busto -- _tNuestra última lluvia juntos / _rValerio Holguín-- _tLaberinto de espejos / _rValerio Holguín-- _tLoriana / _rÁngela Hernández -- _tTaller y eje de carreta / _rOlmedo T. Moreno. |
|
| 999 |
_c44755 _d44755 |
||